| 000 | 00626nam a2200229I 4500 | ||
|---|---|---|---|
| 999 |
_c6620 _d6620 |
||
| 001 | 31536 | ||
| 003 | GBCCL | ||
| 005 | 20241126110607.0 | ||
| 008 | 801006s1955 miua 000 0 eng d | ||
| 035 | _a(OCoLC)06794878 | ||
| 040 |
_aTMN _cTMN |
||
| 049 | _aLBBK | ||
| 082 |
_a266 _bLAR |
||
| 092 |
_a266.21 _bL318 |
||
| 100 | 1 |
_aLarson, Mel _q(Melvin Gunnard), _d1916-1972. _911839 |
|
| 245 | 1 | 0 |
_aMud 'n' mercy in Memphis / _cby Mel Larson. |
| 250 | _a3d ed. | ||
| 260 |
_aGrand Rapids, _bZondervan Pub. House _c[c1955] |
||
| 300 |
_a131 p. _bill., port., _c20 cm. |
||
| 650 |
_aMemphis Union Mission _911840 |
||
| 942 |
_2ddc _cBK |
||